| 000 | 00806nam a2200253Ia 4500 | ||
|---|---|---|---|
| 003 | OSt | ||
| 005 | 20220918171413.0 | ||
| 006 | a|||||r|||| 00| 0 | ||
| 007 | ta | ||
| 008 | 220917b |||||||| |||| 00| 0 eng d | ||
| 020 |
_a9781780325156 (pbk) _cUKP 18.99 |
||
| 024 | _a320,488 | ||
| 037 |
_b167, 03/03/2017, Classic Book Service _cTextual |
||
| 040 |
_aARTS _cARTS _beng |
||
| 041 |
_2eng _aeng |
||
| 082 | _aW87, Q5 | ||
| 100 |
_aVinthagen Stellan Au. _936401 |
||
| 245 | 0 |
_aTheory of nonviolent action _b how civil resistance works |
|
| 260 |
_aLondon _bZed Books UK _c2015 |
||
| 300 |
_aviii,400p. _ccm. |
||
| 650 |
_aNONVIOLENCE; POLITICAL SCIENCE _936402 |
||
| 942 |
_hW87, Q5 _cTEXL _2CC |
||
| 999 |
_c139442 _d139442 |
||